|
|
|
|
| LEADER |
01071nab#a2200349#ar4500 |
| 001 |
000103430 |
| 003 |
SVKKK |
| 005 |
20101222110618.0 |
| 008 |
080509c2010 xo |||||||||||||||b|eng |
| FMT |
|
|
|
| 015 |
|
|
|a SNBRB2010/12
|
| 038 |
|
|
|a SVKKK
|
| 040 |
|
|
|a SVKKK
|b slo
|e AACR2
|
| 041 |
0 |
|
|a eng
|
| 044 |
|
|
|a xo
|c SK
|
| 080 |
|
|
|a 551.243.1
|x (234.372.3)
|2 1997
|
| 080 |
|
|
|a 629.783
|2 1997
|
| 100 |
1 |
|
|a Mojzeš, A.
|4 aut
|
| 242 |
1 |
0 |
|a Súčasné tendencie pohybov v muránskej zlomovej zóne stanovené technológiou GPS
|
| 245 |
1 |
4 |
|a The Muráň fault recent movement tendencies determined by the GPS technology
|c M. Mojzeš
|
| 300 |
|
|
|b Tab.
|
| 650 |
0 |
4 |
|a neotektonické pohyby
|x systémy družicovej navigácie
|x zlomové pásma
|z Západné Karpaty (Slovensko)
|
| 651 |
|
4 |
|a muránsky zlom (Slovensko)
|x neotektonika
|
| 773 |
0 |
|
|t Mineralia slovaca
|g Roč. 42, č. 2 (2010)
|x 0369-2086
|
| 773 |
0 |
|
|i Príl.:
|t Geovestník
|g Č. 2 (2010), s. 259-260
|
| 958 |
|
|
|a SK
|
| 974 |
|
|
|a Ni
|
| 992 |
|
|
|a RBX
|
| BAS |
|
|
|
| 852 |
|
|
|a SVKKK
|b BIB
|
| EXP |
|
|
|
| 998 |
|
|
|a GEO
|